Adult Intensive Probation Supervision Program: evaluation report

Guardado en:  
Detalles Bibliográficos
Autor Corporativo: Arizona (Autor)
Otros Autores: Haynes, Peter (Otro)
Tipo de documento: Print Libro
Lenguaje:Inglés
Publicado: Phoenix, Ariz. 1987
En:Año: 1987
Disponibilidad en Tübingen:Disponible en Tübingen.
UB: KB 8 E 3611
Verificar disponibilidad: HBZ Gateway
Servicio de pedido Subito: Pedir ahora.

MARC

LEADER 00000cam a2200000 c 4500
001 1092555838
003 DE-627
005 20220514131329.0
007 tu
008 901212s1987 xx ||||| 00| ||eng c
035 |a (DE-627)1092555838 
035 |a (DE-576)022555838 
035 |a (DE-599)BSZ022555838 
035 |a (OCoLC)21291027 
040 |a DE-627  |b ger  |c DE-627  |e rakwb 
041 |a eng 
110 2 |a Arizona  |b Adult Intensive Probation Supervision Program  |0 (DE-588)5048460-6  |0 (DE-627)709452500  |0 (DE-576)193624478  |4 aut 
245 1 0 |a Adult Intensive Probation Supervision Program  |b evaluation report  |c Arizona Criminal Justice Commission. Peter Haynes, executive dir. 
264 1 |a Phoenix, Ariz.  |c 1987 
300 |a XII, 60 Bl. 
336 |a Text  |b txt  |2 rdacontent 
337 |a ohne Hilfsmittel zu benutzen  |b n  |2 rdamedia 
338 |a Band  |b nc  |2 rdacarrier 
583 1 |a Archivierung prüfen  |c 20200919  |f DE-640  |z 1  |2 pdager 
700 1 |a Haynes, Peter  |0 (DE-627)1237256186  |0 (DE-576)167256181  |4 oth 
951 |a BO 
ELC |b 1 
LOK |0 000 xxxxxcx a22 zn 4500 
LOK |0 001 2155903421 
LOK |0 003 DE-627 
LOK |0 004 1092555838 
LOK |0 005 20151030141211 
LOK |0 008 901212||||||||||||||||ger||||||| 
LOK |0 040   |a DE-21  |c DE-627  |d DE-21 
LOK |0 852   |a DE-21 
LOK |0 852 1  |c KB 8 E 3611  |9 00 
LOK |0 935   |a krim 
LOK |0 939   |a 12-12-90  |b l01 
ORI |a SA-MARC-krimdoka001.raw 
SIG |a UB: KB 8 E 3611